The work of a common woman /

I tiakina i:
Ngā taipitopito rārangi puna kōrero
Kaituhi matua: Grahn, Judy
Ētahi atu kaituhi: Rich, Adrienne
Hōputu: Pukapuka
Reo:Ingarihi
I whakaputaina: London : Onlywomen Press, 1985
Ngā Tūtohu: Tāpirihia he Tūtohu
Kāore He Tūtohu, Me noho koe te mea tuatahi ki te tūtohu i tēnei pūkete!

MARC

LEADER 00000nam a22000007i 4500
001 IT\ICCU\UBO\4880246
003 ItRI
005 20260115231826.0
008 250522s1985 xxk|||||| ||||| |||||c
020 |a 0906500206 
040 |b ita  |c importazione bologna sebina 
041 7 |a eng  |2 ISO-639-2 
100 1 |a Grahn, Judy  |0 IT\ICCU\UDAV\049694 
240 1 4 |a The work of a common woman  |3 IT\ICCU\BMC\0009114  |9 Grahn, Judy 
245 1 4 |a The work of a common woman /  |c Judy Grahn ; with an introduction by Adrienne Rich. 
260 |a London :  |b Onlywomen Press,  |c 1985 
300 |a 158 p. :  |b ill. ;  |c 22 cm 
700 1 |a Rich, Adrienne  |0 IT\ICCU\CFIV\054658 
790 1 |a Rich, Adrienne Cecile  |3 IT\ICCU\NAPV\093977  |z Rich, Adrienne 
942 |2 ddc  |c BK  |n 0 
952 |0 0  |1 0  |4 0  |6 L_811_509000000000000_GRA  |7 0  |9 13614  |a BO  |b BO  |d 2026-01-15  |i 18198  |l 0  |o L 811.509 GRA  |p BO18198  |r 2026-01-15 23:18:26  |w 2026-01-15  |x [Sebina 5] [1 v.]  |y BK  |z 1 v. 
999 |c 11709  |d 11709